Cambridge Colleges Quiz Stats

 Plays Quiz Updated Dec 7, 2016

Score 0/31 Timer 08:00
0 Plays Today
Foundation College % Correct
1441King's College
90%
1546Trinity College
84.7%
1448Queens' College
81.3%
1496Jesus College
78.2%
1511St John's College
76.5%
1352Corpus Christi College
69.1%
1437Christ's College
68.7%
1326Clare College
68.3%
1284Peterhouse
66.9%
1350Trinity Hall
66.5%
1869Girton College
65.3%
1348Gonville and Caius College
65.1%
1428Magdalene College
64.9%
1958Churchill College
64.2%
1584Emmanuel College
64.1%
1347Pembroke College
63%
Foundation College % Correct
1871Newnham College
61.2%
1800Downing College
61.1%
1869Fitzwilliam College
59.3%
1976Homerton College
58.2%
1954Murray Edwards College
58.1%
1596Sidney Sussex College
57.3%
1896Selwyn College
56.1%
1977Robinson College
55.9%
1965Wolfson College
54.6%
1964Darwin College
53.9%
1473St Catharine's College
52%
1965Lucy Cavendish
48.4%
1896St Edmund's College
47.4%
1966Clare Hall
47.2%
1885Hughes Hall
42.2%

You're not logged in!

Compare scores with friends on all Sporcle quizzes.
OR
Log In

Sporcle TV

Today on Sporcle TV


Watch our educational content, quiz creation guides, and fun videos on Sporcle TV.

Show Comments

Extras

Top Quizzes Today


Score Distribution

Your Account Isn't Verified!

In order to create a playlist on Sporcle, you need to verify the email address you used during registration. Go to your Sporcle Settings to finish the process.

Report this User

Report this user for behavior that violates our Community Guidelines.

Details: